Państwa pokryte śniegiem i lodem - Statystyki

Ogólne statystyki
  • Ten quiz został rozwiązany 5 971 razy
  • Średni wynik to 14 z 20
Statystyki odpowiedzi
km² Państwo % Poprawnych
53 094 Rosja
98%
183 144 Kanada
97%
35 328 Norwegia
95%
65 365 Stany Zjednoczone
94%
11 025 Islandia
84%
62 856 Chiny
83%
27 963 Chile
80%
6 856 Argentyna
78%
4 884 Nepal
71%
7 833 Indie
69%
1 135 Kazachstan
67%
1 048 Bhutan
58%
2 109 Pakistan
58%
976 Szwajcaria
57%
10 852 Tadżykistan
53%
6 093 Kirgistan
52%
3 001 Peru
52%
3 176 Afganistan
48%
1 085 Nowa Zelandia
46%
859 Boliwia
42%
Nie znaleziono quizów pasujących do podanych kryteriów
Rozkład punktacji
Procent ludzi z każdym wynikiem
Percentyl według liczby udzielonych odpowiedzi
Twoja historia wyników
Nie rozwiązałeś tego quizu